00658 2200169 4500245004400000020002200044250001100066100001900077650001600096005001900112260004500131041001400176084001100190300002900201500024900230336000900479 aAngin Hutan PinuscAlbertha IvanahText a978-602-52142-2-6 aCet. 1 aAlbertha Ivana aNovel Fiksi a20230929111307 aYogyakartabScritto Books Pulisherc2019 aIndonesia a808.83 aviii, 236 hlm. :c19 cm. aKisah ini hanya terjadi dalam hidupku,tidak terjadi dan tidak akan pernah terjadi pada hidup orang lain.Kau akan banyak menemukan pengkhianatan dan rasa kecewa yang datang dari orang-orang yang sangat kau sayangi, mereka yang sangat kau percaya atext